000 00451nam a2200181Ia 4500
001 2455
005 20260306144808.0
008 260306t2011||||xx |||||||||||||| ||spa||
041 _aESP
082 _a616.89
_bS735
100 _aSentíes Castellá, Héctor
_eAUT
245 0 _aPsiquiatría para médicos no psiquiatras
260 _c2011
300 _aviii, 304 páginas :
_c23 cm.
650 _aGEN
654 _aCPS
942 _cLIB
_dJUS
_fJUS
_2ddc
_n
999 _c2455
_d2455